| 000 | 00710nam a22001935i 4500 | ||
|---|---|---|---|
| 001 | 157510 | ||
| 003 | ES-MaACL | ||
| 005 | 20230906210720.0 | ||
| 008 | 990209s1875 fr |||| | fre d | ||
| 040 |
_aCCPB | B _bspa _cCCPB | B |
||
| 100 | 1 |
_aLenormant, François. _9128876 |
|
| 245 | 1 | 3 |
_aLa langue primitive de la Chaldée et les idiomes touraniens _b: étude de philologie et d'histoire suivie d'un glossaire accadien / _cpar François Lenormant. |
| 260 |
_aParís : _bMaisonneuve et C\pie\s, _c1875. |
||
| 300 |
_aVIII, 455 p. ; _c27 cm. |
||
| 650 | 4 |
_aLenguas uraloaltaicas. _9162867 |
|
| 650 | 4 |
_aLengua aramea. _9162868 |
|
| 752 |
_aFrancia - _dParís |
||
| 852 |
_aES-MaACL _jG-6378 _z- Enc. hol. |
||
| 999 |
_c157510 _d157510 |
||